A TRANSZFERÁRAZÁS ELMELÉTE ÉS A KAPCSOLÓDÓ ADÓHATÓSÁGI ELLENŐRZÉSI TAPASZTALATOK BEMUTATÁSA

Bibliographic Details
Main Author: Szabó Ágnes Diána
Other Authors: Fellegi Dr. Miklós
Format: Thesis
Kulcsszavak:Transzferár
Adóhatósági ellenőrzés
Transzferárazás
Online Access:http://dolgozattar.uni-bge.hu/9113

MARC

LEADER 00000nta a2200000 i 4500
001 dolg9113
005 20161219121542.0
008 161219suuuu hu om 000 hun d
040 |a BGE Dolgozattár Repozitórium  |b hun 
041 |a hu 
100 1 |a Szabó Ágnes Diána 
245 1 2 |a A TRANSZFERÁRAZÁS ELMELÉTE ÉS A KAPCSOLÓDÓ ADÓHATÓSÁGI ELLENŐRZÉSI TAPASZTALATOK BEMUTATÁSA  |c Szabó Ágnes Diána  |h [elektronikus dokumentum] 
695 |a Transzferár 
695 |a Adóhatósági ellenőrzés 
695 |a Transzferárazás 
700 1 |a Fellegi Dr. Miklós  |e ths 
856 4 0 |u http://dolgozattar.uni-bge.hu/9113/1/Szakdolgozat%20I67FHM%20MSc_V%C3%89GLEGES.pdf  |z Dokumentum-elérés